000 00863nam a2200253 a 4500
001 000039750
005 20240510195229.0
008 130718s2013 dr 000 0 spa d
020 _z9789945580082
040 _aDO-SdBNP
_bspa
_cBNPHU
082 _a378.175
_bA185f, 2013
100 1 _aAcosta Peralta, Mirian
_964855
245 1 0 _aFundamentos de la educación a distancia /
_cMirian Acosta Peralta ; colaboradora Reyna Hiraldo Trejo.
250 _a2a ed.
260 _aSanto Domingo :
_bBúho,
_c2013.
_g(reimpresión 2016)
300 _a328 p. :
_bdiagrs. ;
_c26 cm.
490 1 _aAutoaprendizaje
504 _aBibliografías : p. 317
650 0 _aEducación a distancia
_934220
650 4 _aEducación no formal
_950844
700 1 _aHiraldo Trejo, Reyna,
_ecol.
_942888
830 0 _aAutoaprendizaje
_91208
910 _aValidado. Control de calidad MFF
999 _c39240
_d39240